TSG 1899 Hoffenheim Rekordspieler - Statistiken

Allgemein
  • Dieses Quiz wurde 130 mal gespielt
    59 seit der letzten Aktualisierung
  • Das Durchschnittsergebnis liegt bei 6 aus 10
Antwortstatistiken
Spiele Nationalität Spieler % Korrekt
403 Deutschland Oliver Baumann
100%
325 Kroatien Andrej Kramaric
98%
287 Tschechische Republik Pavel Kaderabek
74%
249 Bosnien und Herzegowina / Deutschland Sejad Salihovic
70%
327 Deutschland Sebastian Rudy
54%
237 Deutschland Andreas Beck
44%
196 Österreich Florian Grillitsch
44%
193 Deutschland / Nigerien Kevin Akpoguma
44%
226 Deutschland Kevin Vogt
34%
205 Deutschland Marcel Throm
2%
Keine übereinstimmenden Quizze gefunden
Verteilung der Resultate
Anzahl Personen mit jedem Resultat
Perzentil nach korrekt beantworteten Fragen
Ihre Resultats-Entwicklung
Sie haben dieses Quiz seit der letzten Aktualisierung nicht gespielt